| 000 | 00474nam a22001817a 4500 | ||
|---|---|---|---|
| 003 | CEME | ||
| 005 | 20210628210128.0 | ||
| 008 | 210215b xxu||||| |||| 00| 0 eng d | ||
| 020 | _a81-87105-23-2 | ||
| 040 | _c. | ||
| 082 | _a004 ROS | ||
| 100 |
_aRosch, Winn.L _964722 |
||
| 245 | _aHardware bible premier edition | ||
| 260 |
_aNEW DELHI _bTECHMEDIA _c1997 |
||
| 300 | _a1206P | ||
| 650 |
_aMOTHERBOARD MICROPROCESSOR MEMORY BIOS NETWORKING _978210 |
||
| 942 |
_cBK _2ddc |
||
| 999 |
_c583369 _d583369 |
||